[Event "Cheliabinsk Postovalov Memorial 5th"]
[Site "Cheliabinsk"]
[Date "2011.01.10"]
[Round "9"]
[White "Trushin, Maxim"]
[Black "Zangirov, Yan"]
[Result "0-1"]
[WhiteElo "1965"]
[BlackElo "2155"]
[PlyCount "48"]
[EventDate "2011.01.06"]
[EventType "swiss"]
[EventRounds "9"]
[EventCountry "RUS"]
[SourceTitle "CBM 140 Extra"]
[Source "ChessBase"]
[SourceDate "2011.03.01"]
[SourceVersion "1"]
[SourceVersionDate "2011.03.01"]
[SourceQuality "1"]

1. e4 e6 2. d3 b6 3. g3 Bb7 4. Bg2 f5 5. Qe2 Nf6 6. Bg5 Be7 7. Nd2 0-0 8. Ngf3 fxe4 9. dxe4 Qe8 10. h4 Nc6 11. e5 Nd5 12. 0-0-0 a5 13. Bxe7 Qxe7 14. Ng5 h6 15. f4 hxg5 16. hxg5 Kf7 17. Bxd5 exd5 18. Rh7 Ke8 19. Nf3 a4 20. e6 dxe6 21. Ne5 Nxe5 22. Qxe5 Rg8 23. Re1 Kd7 24. Kb1 Raf8 0-1

[Event "Cheliabinsk Postovalov Memorial 5th"]
[Site "Cheliabinsk"]
[Date "2011.01.07"]
[Round "3"]
[White "Fesenko, Vitaly"]
[Black "Trushin, Maxim"]
[Result "0-1"]
[WhiteElo "2219"]
[BlackElo "1965"]
[PlyCount "62"]
[EventDate "2011.01.06"]
[EventType "swiss"]
[EventRounds "9"]
[EventCountry "RUS"]
[SourceTitle "CBM 140 Extra"]
[Source "ChessBase"]
[SourceDate "2011.03.01"]
[SourceVersion "1"]
[SourceVersionDate "2011.03.01"]
[SourceQuality "1"]

1. e4 e5 2. Nf3 Nc6 3. Bb5 a6 4. Ba4 Nf6 5. d4 Nxd4 6. Nxd4 exd4 7. e5 Ne4 8. Qxd4 Nc5 9. Nc3 b5 10. Bb3 Bb7 11. Bd5 Ne6 12. Qg4 h5 13. Qd1 c6 14. Bf3 Qc7 15. 0-0 Qxe5 16. Re1 Qc7 17. h3 0-0-0 18. Bxh5 g6 19. Bf3 f5 20. Qd3 Bc5 21. a4 b4 22. Ne2 g5 23. g3 Rdf8 24. Rf1 Rxh3 25. Bg2 Rhh8 26. Be3 f4 27. Bxc5 Nxc5 28. Qc4 Ne6 29. f3 fxg3 30. Qxb4 a5 31. Qb3 Ba6 0-1

[Event "Cheliabinsk Postovalov Memorial 5th"]
[Site "Cheliabinsk"]
[Date "2011.01.06"]
[Round "2"]
[White "Trushin, Maxim"]
[Black "Mikleeva, Ais"]
[Result "1-0"]
[WhiteElo "1965"]
[BlackElo "2008"]
[PlyCount "77"]
[EventDate "2011.01.06"]
[EventType "swiss"]
[EventRounds "9"]
[EventCountry "RUS"]
[SourceTitle "CBM 140 Extra"]
[Source "ChessBase"]
[SourceDate "2011.03.01"]
[SourceVersion "1"]
[SourceVersionDate "2011.03.01"]
[SourceQuality "1"]

1. e4 c5 2. Nf3 e6 3. d3 d6 4. g3 Nc6 5. Bg2 Nge7 6. 0-0 g6 7. c3 Bg7 8. d4 cxd4 9. Nxd4 a6 10. Na3 Qc7 11. Be3 0-0 12. Nac2 Ne5 13. Qe2 Nc4 14. Rab1 Nxe3 15. Nxe3 Nc6 16. Rfd1 Bd7 17. f4 Rac8 18. Ndc2 b5 19. Qd2 d5 20. exd5 exd5 21. Nxd5 Qa7+ 22. Qf2 Qxf2+ 23. Kxf2 Bg4 24. Bf3 Bf5 25. Rbc1 Rfe8 26. Nce3 Be6 27. g4 Ne7 28. Rd2 Nxd5 29. Bxd5 Bf8 30. Bxe6 Rxe6 31. f5 Re4 32. Kf3 Rce8 33. Nd5 Bg7 34. Rcd1 gxf5 35. gxf5 h5 36. f6 Bf8 37. Ne7+ Bxe7 38. Kxe4 Bxf6+ 39. Kf3 1-0

[Event "Satka Gubernators Cup Juniors"]
[Site "Satka"]
[Date "2010.08.22"]
[Round "9"]
[White "Trushin, Maxim"]
[Black "Kostitsina, Liubov"]
[Result "1-0"]
[WhiteElo "1966"]
[BlackElo "1930"]
[PlyCount "79"]
[EventDate "2010.08.16"]
[EventType "swiss"]
[EventRounds "9"]
[EventCountry "RUS"]
[SourceTitle "EXT 2022"]
[Source "ChessBase"]
[SourceDate "2021.10.06"]
[SourceVersion "1"]
[SourceVersionDate "2021.10.06"]
[SourceQuality "1"]

1. e4 c5 2. Nf3 d6 3. d3 Nc6 4. g3 g6 5. Bg2 Bg7 6. c3 Nf6 7. 0-0 0-0 8. Be3 Ng4 9. Qe2 Nxe3 10. Qxe3 Rb8 11. Nh4 e6 12. Na3 b5 13. Nc2 b4 14. d4 bxc3 15. bxc3 cxd4 16. Nxd4 Na5 17. Rfb1 Ba6 18. Bf1 Rxb1 19. Rxb1 Bxf1 20. Kxf1 Nc4 21. Qd3 Nb6 22. Nhf3 Qd7 23. Qb5 Qb7 24. Qd3 d5 25. e5 Qe7 26. Qa6 Qc5 27. Qxa7 Qc4+ 28. Kg2 Nc8 29. Qa3 g5 30. h3 h5 31. Re1 g4 32. hxg4 hxg4 33. Nh2 Nb6 34. Nxg4 Ra8 35. Qc1 Rxa2 36. Qg5 Qc7 37. Rh1 Ra8 38. Nf6+ Kf8 39. Rh7 Bxf6 40. Qxf6 1-0

[Event "Satka Gubernators Cup Juniors"]
[Site "Satka"]
[Date "2010.08.17"]
[Round "2"]
[White "Nikiforova, Anna"]
[Black "Trushin, Maxim"]
[Result "0-1"]
[WhiteElo "1782"]
[BlackElo "1966"]
[PlyCount "64"]
[EventDate "2010.08.16"]
[EventType "swiss"]
[EventRounds "9"]
[EventCountry "RUS"]
[SourceTitle "EXT 2022"]
[Source "ChessBase"]
[SourceDate "2021.10.06"]
[SourceVersion "1"]
[SourceVersionDate "2021.10.06"]
[SourceQuality "1"]

1. d4 Nf6 2. g3 d5 3. Bg2 c6 4. b3 Bf5 5. Bb2 e6 6. Nf3 Bb4+ 7. c3 Bd6 8. Nbd2 h6 9. 0-0 Nbd7 10. c4 0-0 11. Re1 Ne4 12. Nxe4 Bxe4 13. Nd2 Bxg2 14. Kxg2 Bb4 15. a3 Bxd2 16. Qxd2 Nf6 17. f3 Qb6 18. Qc3 Rad8 19. Rad1 Rfe8 20. e4 dxe4 21. fxe4 e5 22. d5 cxd5 23. exd5 Ng4 24. Qf3 Qg6 25. Rd2 f5 26. h3 e4 27. Qf4 e3 28. Rd4 Nf6 29. Rxe3 Nh5 30. Rxe8+ Rxe8 31. Qf2 Nxg3 32. Qf3 Ne2+ 0-1

[Event "Cheliabinsk Kibizov Memorial 5th"]
[Site "Cheliabinsk"]
[Date "2010.06.29"]
[Round "6"]
[White "Trushin, Maxim"]
[Black "Sofyin, Pavel"]
[Result "1/2-1/2"]
[WhiteElo "1962"]
[BlackElo "1992"]
[PlyCount "82"]
[EventDate "2010.06.24"]
[EventType "swiss"]
[EventRounds "9"]
[EventCountry "RUS"]
[SourceTitle "EXT 2012"]
[Source "ChessBase"]
[SourceDate "2011.11.24"]
[SourceVersion "1"]
[SourceVersionDate "2011.11.24"]
[SourceQuality "1"]

1. e4 e6 2. d4 d5 3. Nc3 Nf6 4. Bg5 Be7 5. exd5 exd5 6. Bxf6 Bxf6 7. Qe2+ Be6 8. Qb5+ Nc6 9. Nf3 0-0 10. 0-0-0 Qd7 11. h3 a6 12. Qd3 b5 13. g4 Qd6 14. Qd2 b4 15. Na4 a5 16. Bg2 Nb8 17. Ne5 Nd7 18. f4 Nb6 19. Nxb6 cxb6 20. f5 Bc8 21. g5 Bxe5 22. dxe5 Qxe5 23. Qxd5 Qxd5 24. Bxd5 Ra7 25. Rhf1 Bb7 26. Bxb7 Rxb7 27. Rd6 f6 28. h4 fxg5 29. hxg5 Rbf7 30. f6 h6 31. gxh6 Rxf6 32. Rfxf6 Rxf6 33. Rd8+ Kh7 34. hxg7 Kxg7 35. Kd2 Kf7 36. Kd3 Ke7 37. Rd4 Rd6 38. c3 bxc3 39. bxc3 Rc6 40. a4 Rc5 41. c4 Ke6 1/2-1/2

[Event "Cheliabinsk Kibizov Memorial 5th"]
[Site "Cheliabinsk"]
[Date "2010.06.27"]
[Round "4"]
[White "Trushin, Maxim"]
[Black "Mustafina, Yulia"]
[Result "1-0"]
[WhiteElo "1962"]
[BlackElo "1775"]
[PlyCount "87"]
[EventDate "2010.06.24"]
[EventType "swiss"]
[EventRounds "9"]
[EventCountry "RUS"]
[SourceTitle "EXT 2012"]
[Source "ChessBase"]
[SourceDate "2011.11.24"]
[SourceVersion "1"]
[SourceVersionDate "2011.11.24"]
[SourceQuality "1"]

1. e4 d6 2. d4 e5 3. Nc3 Nf6 4. Bg5 Be7 5. Nge2 0-0 6. Qd2 c5 7. dxc5 dxc5 8. 0-0-0 Qxd2+ 9. Rxd2 Nc6 10. Bxf6 Bxf6 11. h4 Be6 12. Nd5 Bd8 13. Nec3 Nd4 14. Bc4 a6 15. a3 b5 16. Ba2 Ba5 17. b4 cxb4 18. axb4 Bd8 19. f4 Nc6 20. f5 Bxd5 21. Nxd5 Rc8 22. Kb2 Ne7 23. g3 Nxd5 24. Rxd5 Re8 25. Rd7 Be7 26. Bd5 Rcd8 27. Ra7 Rd6 28. c3 g6 29. fxg6 Rxg6 30. Rf1 Rg7 31. Bc6 Kf8 32. Bxe8 Kxe8 33. Ra8+ Kd7 34. Rd1+ Bd6 35. Rxa6 Rg6 36. Kb3 Ke7 37. Raxd6 Rxd6 38. Rxd6 Kxd6 39. c4 bxc4+ 40. Kxc4 Kc6 41. g4 f6 42. b5+ Kb6 43. Kb4 h6 44. h5 1-0

[Event "Cheliabinsk Region-ch"]
[Site "Cheliabinsk"]
[Date "2010.04.03"]
[Round "8"]
[White "Trushin, Maxim"]
[Black "Shurunov, Arseny"]
[Result "1/2-1/2"]
[WhiteElo "1954"]
[BlackElo "2156"]
[PlyCount "107"]
[EventDate "2010.03.27"]
[EventType "swiss"]
[EventRounds "9"]
[EventCountry "RUS"]
[SourceTitle "EXT 2012"]
[Source "ChessBase"]
[SourceDate "2011.11.24"]
[SourceVersion "1"]
[SourceVersionDate "2011.11.24"]
[SourceQuality "1"]

1. e4 c5 2. Nf3 e6 3. c3 Nf6 4. e5 Nd5 5. d4 cxd4 6. cxd4 Nc6 7. Bc4 Nb6 8. Bb3 d6 9. 0-0 dxe5 10. dxe5 Qxd1 11. Rxd1 Bd7 12. Nc3 h6 13. Be3 Na5 14. Bxb6 axb6 15. Ba4 Bxa4 16. Nxa4 Nc4 17. b3 Ba3 18. Rd4 b5 19. bxc4 bxa4 20. Rad1 0-0 21. R1d3 Bb4 22. Kf1 Rac8 23. Ke2 Rc5 24. Rd7 Rxc4 25. Rxb7 Rfc8 26. a3 Rc2+ 27. Nd2 Bxd2 28. Rxd2 R8c3 29. Rb4 Rxd2+ 30. Kxd2 Rxa3 31. Rb7 g5 32. Ke2 Ra2+ 33. Kf3 Kg7 34. Ra7 Ra3+ 35. Ke4 Kg6 36. g3 Ra2 37. Kf3 a3 38. Ke3 Ra1 39. h3 h5 40. Ke2 Rh1 41. Rxa3 Rxh3 42. Rf3 h4 43. Rf6+ Kg7 44. gxh4 Rxh4 45. Kf3 Rh6 46. Rxh6 Kxh6 47. Kg4 Kg6 48. f3 Kh6 49. Kg3 Kg7 50. Kh3 f5 51. exf6+ Kxf6 52. Kg4 e5 53. Kh3 Ke6 54. Kg4 1/2-1/2

[Event "Cheliabinsk Region-ch"]
[Site "Cheliabinsk"]
[Date "2010.03.29"]
[Round "3"]
[White "Zangirov, Yan"]
[Black "Trushin, Maxim"]
[Result "1/2-1/2"]
[WhiteElo "2174"]
[BlackElo "1954"]
[PlyCount "44"]
[EventDate "2010.03.27"]
[EventType "swiss"]
[EventRounds "9"]
[EventCountry "RUS"]
[SourceTitle "EXT 2012"]
[Source "ChessBase"]
[SourceDate "2011.11.24"]
[SourceVersion "1"]
[SourceVersionDate "2011.11.24"]
[SourceQuality "1"]

1. Nf3 Nf6 2. c4 e6 3. Nc3 c5 4. d4 d5 5. Bg5 cxd4 6. Nxd4 Bb4 7. Bxf6 Qxf6 8. cxd5 exd5 9. e3 0-0 10. Bd3 Nc6 11. 0-0 Be6 12. Qh5 g6 13. Qf3 Qxf3 14. Nxf3 Rfd8 15. Ne2 Be7 16. Bb5 Bf6 17. Ned4 Ne5 18. Nxe5 Bxe5 19. Rac1 Rac8 20. Rfd1 Rxc1 21. Rxc1 Rc8 22. Rxc8+ Bxc8 1/2-1/2

[Event "Cheliabinsk Postovalov Memorial 4th"]
[Site "Cheliabinsk"]
[Date "2010.01.10"]
[Round "9"]
[White "Suslova, Alena"]
[Black "Trushin, Maxim"]
[Result "0-1"]
[WhiteElo "2152"]
[BlackElo "1922"]
[PlyCount "100"]
[EventDate "2010.01.04"]
[EventType "swiss"]
[EventRounds "9"]
[EventCountry "RUS"]
[SourceTitle "CBM 134 Extra"]
[Source "ChessBase"]
[SourceDate "2010.03.03"]
[SourceVersion "1"]
[SourceVersionDate "2010.03.03"]
[SourceQuality "1"]

1. c4 e5 2. Nc3 Nf6 3. Nf3 d6 4. g3 g6 5. Bg2 Bg7 6. 0-0 0-0 7. d4 Nbd7 8. e3 Re8 9. b3 c6 10. Qc2 Nf8 11. dxe5 dxe5 12. Ba3 Bf5 13. e4 Bg4 14. Rad1 Qa5 15. Bd6 Bxf3 16. Bxf3 Ne6 17. Ne2 Rad8 18. Bg2 Bf8 19. b4 Qb6 20. Bxe5 Rxd1 21. Qxd1 Ng4 22. Ba1 Rd8 23. Qb3 Bxb4 24. Qf3 Nxf2 25. Rxf2 Rd1+ 26. Bf1 Ng5 27. Qg4 Be1 28. Qc8+ Rd8 29. Qxd8+ Qxd8 30. Rf4 Qd1 31. Bf6 Nh3+ 32. Bxh3 Qxe2 33. Bf1 Qxa2 34. e5 Bd2 35. Rf3 Bb4 36. Rd3 Bc5+ 37. Kh1 Qf2 38. Rd8+ Bf8 39. Bd3 Qc5 40. Rb8 b6 41. Kg2 a5 42. Ra8 Qb4 43. Kf3 a4 44. Be4 a3 45. Kf4 Qd2+ 46. Kf3 a2 47. e6 fxe6 48. Bxc6 Kf7 49. Be5 Qd3+ 50. Kg2 Qe2+ 0-1

[Event "Cheliabinsk Postovalov Memorial 4th"]
[Site "Cheliabinsk"]
[Date "2010.01.08"]
[Round "7"]
[White "Lefebr, Vladislav"]
[Black "Trushin, Maxim"]
[Result "0-1"]
[WhiteElo "2079"]
[BlackElo "1922"]
[PlyCount "109"]
[EventDate "2010.01.04"]
[EventType "swiss"]
[EventRounds "9"]
[EventCountry "RUS"]
[SourceTitle "CBM 134 Extra"]
[Source "ChessBase"]
[SourceDate "2010.03.03"]
[SourceVersion "1"]
[SourceVersionDate "2010.03.03"]
[SourceQuality "1"]

1. e4 e5 2. f4 Nf6 3. Nc3 Nc6 4. Nf3 d6 5. Bb5 Bd7 6. 0-0 Nd4 7. fxe5 Nxf3+ 8. Qxf3 Bxb5 9. Nxb5 dxe5 10. Qc3 Bd6 11. d4 0-0 12. dxe5 Nxe4 13. Qf3 Bc5+ 14. Kh1 Nf2+ 15. Rxf2 Bxf2 16. Qxf2 Qd1+ 17. Qg1 Qxc2 18. Bf4 Qxb2 19. Nxc7 Rac8 20. Nd5 Rcd8 21. Ne7+ Kh8 22. Nf5 Rd7 23. h4 Rfd8 24. Kh2 Qe2 25. Bg3 Qg4 26. Nd6 f6 27. Qf1 Kg8 28. Qb5 Qe6 29. Re1 a6 30. Qb4 f5 31. Rf1 Rf8 32. a3 b5 33. Ne4 Qc6 34. Ng5 a5 35. Qb3+ Kh8 36. e6 Re7 37. Qd1 h6 38. Qd6 Qe8 39. Nf7+ Kh7 40. Re1 b4 41. axb4 axb4 42. Qd5 f4 43. Qf5+ Kg8 44. Qxf4 Rxe6 45. Nxh6+ gxh6 46. Qg4+ Rg6 47. Qxb4 Qf7 48. Re7 Qf6 49. Qc4+ Rf7 50. Re8+ Kh7 51. Qe4 Qf5 52. Be5 Rg8 53. Qxf5+ Rxf5 54. Re7+ Kg6 55. g4 0-1

[Event "Cheliabinsk Postovalov Memorial 4th"]
[Site "Cheliabinsk"]
[Date "2010.01.04"]
[Round "2"]
[White "Galiullin, Zif"]
[Black "Trushin, Maxim"]
[Result "0-1"]
[WhiteElo "1761"]
[BlackElo "1922"]
[PlyCount "92"]
[EventDate "2010.01.04"]
[EventType "swiss"]
[EventRounds "9"]
[EventCountry "RUS"]
[SourceTitle "CBM 134 Extra"]
[Source "ChessBase"]
[SourceDate "2010.03.03"]
[SourceVersion "1"]
[SourceVersionDate "2010.03.03"]
[SourceQuality "1"]

1. d4 d5 2. Nf3 e6 3. g3 Nf6 4. Bg2 c6 5. 0-0 Bd6 6. Nbd2 Nbd7 7. Re1 0-0 8. Nf1 h6 9. c3 Qb6 10. Qc2 c5 11. e3 Qc7 12. N3d2 cxd4 13. exd4 Rb8 14. Qd1 b5 15. a3 a5 16. f4 b4 17. axb4 axb4 18. Re3 Qb6 19. Nb3 bxc3 20. Rxc3 e5 21. fxe5 Nxe5 22. h3 Bb4 23. Re3 Nc4 24. Rf3 Re8 25. Kh2 Be6 26. Nc5 Bxc5 27. dxc5 Qxc5 28. b3 Ne5 29. Rxf6 gxf6 30. Bxh6 d4 31. Rc1 Qd6 32. Bf4 Bxb3 33. Qh5 Bd5 34. Bxd5 Qxd5 35. Nd2 Rb2 36. Rf1 Qb5 37. Rf2 Ra8 38. Re2 Raa2 39. Rg2 Qd5 40. h4 Nf3+ 41. Qxf3 Qxf3 42. Nxf3 Rxg2+ 43. Kh3 d3 44. Ne1 Rh2+ 45. Kg4 d2 46. Bxd2 Rhxd2 0-1

[Event "Cheliabinsk Postovalov Memorial 4th"]
[Site "Cheliabinsk"]
[Date "2010.01.04"]
[Round "1"]
[White "Trushin, Maxim"]
[Black "Vyatkin, Dmitry"]
[Result "0-1"]
[WhiteElo "1922"]
[BlackElo "2374"]
[PlyCount "84"]
[EventDate "2010.01.04"]
[EventType "swiss"]
[EventRounds "9"]
[EventCountry "RUS"]
[SourceTitle "CBM 134 Extra"]
[Source "ChessBase"]
[SourceDate "2010.03.03"]
[SourceVersion "1"]
[SourceVersionDate "2010.03.03"]
[SourceQuality "1"]

1. e4 Nc6 2. Nf3 d6 3. Bc4 Nf6 4. Nc3 Bg4 5. 0-0 Nd4 6. Be2 Nxe2+ 7. Qxe2 e5 8. Qb5+ Nd7 9. Qxb7 Nc5 10. Qb5+ Bd7 11. Qe2 Ne6 12. d3 g6 13. Be3 Bg7 14. Rad1 c5 15. Nd2 0-0 16. Nc4 Bc6 17. f4 f5 18. exf5 gxf5 19. fxe5 dxe5 20. Qh5 Nd4 21. Bh6 Qf6 22. Bxg7 Qxg7 23. Rf2 Rf6 24. Qh3 Rh6 25. Qe3 Rg6 26. Rdd2 Re8 27. Kf1 Kh8 28. Ne2 f4 29. Nxf4 exf4 30. Qxf4 Bxg2+ 31. Rxg2 Rf8 32. Qxf8+ Qxf8+ 33. Rdf2 Rf6 34. Rxf6 Qxf6+ 35. Rf2 Qe6 36. c3 Nf5 37. Re2 Qd5 38. Ne5 Qh1+ 39. Kf2 Qxh2+ 40. Ke1 Qg3+ 41. Kd2 Qf4+ 42. Ke1 Ng3 0-1

[Event "Cheliabinsk Kibizov Memorial 4th"]
[Site "Cheliabinsk"]
[Date "2009.06.29"]
[Round "9"]
[White "Trushin, Maxim"]
[Black "Sultanov, Ruslan"]
[Result "0-1"]
[WhiteElo "1932"]
[BlackElo "1961"]
[PlyCount "56"]
[EventDate "2009.06.21"]
[EventType "swiss"]
[EventRounds "9"]
[EventCountry "RUS"]
[SourceTitle "EXT 2012"]
[Source "ChessBase"]
[SourceDate "2011.11.24"]
[SourceVersion "1"]
[SourceVersionDate "2011.11.24"]
[SourceQuality "1"]

1. e4 e5 2. Nf3 Nc6 3. Nc3 Nf6 4. d4 exd4 5. Nxd4 Bb4 6. Nxc6 bxc6 7. Bd3 d5 8. exd5 cxd5 9. 0-0 0-0 10. Bg5 Bb7 11. Bxf6 Qxf6 12. Nxd5 Bxd5 13. Qh5 Rfd8 14. Qxh7+ Kf8 15. Qh8+ Ke7 16. Qh5 g6 17. Qg4 Bd6 18. Rae1+ Kf8 19. f4 Kg7 20. f5 Rh8 21. h3 g5 22. c4 Rh4 23. Qe2 Qd4+ 24. Rf2 Bc6 25. f6+ Kf8 26. Kf1 Re8 27. Qd2 Rxe1+ 28. Kxe1 Bg3 0-1

[Event "Cheliabinsk Kibizov Memorial 4th"]
[Site "Cheliabinsk"]
[Date "2009.06.23"]
[Round "3"]
[White "Krapivin, Viktor"]
[Black "Trushin, Maxim"]
[Result "1-0"]
[WhiteElo "2050"]
[BlackElo "1932"]
[PlyCount "129"]
[EventDate "2009.06.21"]
[EventType "swiss"]
[EventRounds "9"]
[EventCountry "RUS"]
[SourceTitle "EXT 2012"]
[Source "ChessBase"]
[SourceDate "2011.11.24"]
[SourceVersion "1"]
[SourceVersionDate "2011.11.24"]
[SourceQuality "1"]

1. e4 e5 2. Nf3 Nc6 3. Bb5 a6 4. Ba4 Nf6 5. 0-0 b5 6. Bb3 Be7 7. Re1 0-0 8. c3 d6 9. d4 Bg4 10. d5 Nb8 11. Nbd2 Nbd7 12. h3 Bh5 13. Nf1 Bg6 14. Ng3 h6 15. a4 bxa4 16. Bxa4 Nc5 17. Bc2 a5 18. Nd2 Qc8 19. Nc4 Nb7 20. Ba4 Nd7 21. Bc6 Ndc5 22. b4 axb4 23. Rxa8 Qxa8 24. cxb4 Na6 25. Na5 Rb8 26. Nxb7 Rxb7 27. Bxb7 Qxb7 28. Bd2 Qb6 29. Qa4 Bh4 30. Be3 Qxb4 31. Qxb4 Nxb4 32. Bd2 Nd3 33. Re2 Bxg3 34. fxg3 Nc5 35. Ba5 Nxe4 36. Bxc7 Nxg3 37. Rb2 Ne4 38. Rb8+ Kh7 39. Rd8 h5 40. Bxd6 Nxd6 41. Rxd6 Be4 42. Rd8 Kg6 43. d6 Kf6 44. Re8 Bc6 45. Re7 g6 46. g3 g5 47. h4 gxh4 48. gxh4 Bb5 49. Kf2 Ba4 50. Ke3 Bb5 51. Kd2 Bc6 52. Kc3 Bb5 53. Kb4 Bc6 54. Kc5 Ba4 55. Ra7 Bd1 56. Ra1 Bg4 57. Kc6 e4 58. Rf1+ Bf3 59. d7 Kf5 60. d8Q Kg4 61. Qg5+ Kh3 62. Rg1 Bg4 63. Qe3+ Bf3 64. Qf4 Bg2 65. Qf2 1-0

[Event "Cheliabinsk Kibizov Memorial 4th"]
[Site "Cheliabinsk"]
[Date "2009.06.21"]
[Round "1"]
[White "Monakhov, Yuri"]
[Black "Trushin, Maxim"]
[Result "1-0"]
[WhiteElo "2146"]
[BlackElo "1932"]
[PlyCount "65"]
[EventDate "2009.06.21"]
[EventType "swiss"]
[EventRounds "9"]
[EventCountry "RUS"]
[SourceTitle "EXT 2012"]
[Source "ChessBase"]
[SourceDate "2011.11.24"]
[SourceVersion "1"]
[SourceVersionDate "2011.11.24"]
[SourceQuality "1"]

1. d4 d5 2. c4 e6 3. Nc3 Be7 4. Nf3 Nf6 5. Bg5 h6 6. Bh4 0-0 7. e3 Ne4 8. Bxe7 Qxe7 9. Rc1 c6 10. Bd3 Nxc3 11. Rxc3 Nd7 12. 0-0 dxc4 13. Bxc4 e5 14. Qc2 exd4 15. exd4 Nb6 16. Bb3 Qf6 17. Re1 Bf5 18. Qd2 Rad8 19. Ne5 Qd6 20. Rf3 Be6 21. Bc2 Nc4 22. Qd3 g6 23. Nxc4 Qxd4 24. Qxd4 Rxd4 25. b3 Rfd8 26. h3 Bd5 27. Rfe3 Bxc4 28. bxc4 a5 29. Re8+ Rxe8 30. Rxe8+ Kg7 31. Re4 Rd2 32. Bb3 Kf6 33. c5 1-0

[Event "Cheliabinsk Region-ch op"]
[Site "Cheliabinsk"]
[Date "2008.08.10"]
[Round "2"]
[White "Simonova, Tatiana"]
[Black "Trushin, Maxim"]
[Result "0-1"]
[WhiteElo "1969"]
[BlackElo "1916"]
[PlyCount "117"]
[EventDate "2008.08.03"]
[EventType "swiss"]
[EventRounds "9"]
[EventCountry "RUS"]
[SourceTitle "EXT 2022"]
[Source "ChessBase"]
[SourceDate "2021.10.06"]
[SourceVersion "1"]
[SourceVersionDate "2021.10.06"]
[SourceQuality "1"]

1. d4 Nf6 2. c4 d6 3. Nc3 Nbd7 4. e4 e5 5. d5 Be7 6. Bd3 0-0 7. Nge2 c6 8. Ng3 Nc5 9. Bc2 cxd5 10. cxd5 Bd7 11. 0-0 Rc8 12. a3 Qc7 13. h3 b5 14. Be3 Ne8 15. Qe2 a6 16. Rac1 g6 17. b4 Nb7 18. Bd3 Qd8 19. Nh1 Ng7 20. g4 f5 21. exf5 gxf5 22. f3 Bg5 23. Qd2 Bxe3+ 24. Qxe3 Qh4 25. Kg2 h5 26. Qf2 Qf6 27. Qe3 Qf7 28. Qg5 hxg4 29. fxg4 Rxc3 30. Rxc3 Qxd5+ 31. Kh2 e4 32. Be2 Qe5+ 33. Rg3 f4 34. Qxe5 dxe5 35. Rc3 f3 36. Bd1 Be6 37. Ng3 Bc4 38. Rf2 Nd6 39. Bc2 Rf4 40. a4 Ne6 41. axb5 axb5 42. Nh5 Rf8 43. Kg3 Nc7 44. Re3 Nd5 45. Re1 Be2 46. Bb3 Nc4 47. Bxc4 bxc4 48. Rexe2 fxe2 49. Rxe2 Rf3+ 50. Kg2 Ne3+ 51. Kh2 c3 52. Ng3 c2 53. Re1 Nd1 54. Ne2 Rf2+ 55. Kg3 Rxe2 56. Rxe2 c1Q 57. Rxe4 Qc3+ 58. Kh4 Nf2 59. Rxe5 0-1